Joventut a Terrassa / J. Berney, J. Roca, J. Verdaguer
Descripción Física:
151 p. ; 21 cm
Materias:
Joventut -- Aspectes socials -- Terrassa
MARC
| LEADER | 00000nam a2200000Ia 4500 | ||
|---|---|---|---|
| 001 | 4957 | ||
| 008 | 160829s9999 xx 000 0 cat d | ||
| 080 | |a M-2-296 | ||
| 100 | |a Berney, Joan |9 34978 | ||
| 245 | |a Joventut a Terrassa / J. Berney, J. Roca, J. Verdaguer | ||
| 260 | |a Terrassa : |b Ajuntament ; Barcelona : |b Diputació, DL 1984 | ||
| 300 | |a 151 p. ; |c 21 cm | ||
| 650 | |a Joventut |x Aspectes socials |x Terrassa |9 34979 | ||
| 700 | |a Roca, Jaume |9 34980 | ||
| 700 | |a Verdaguer, Josep |9 34981 | ||
| 901 | |a Arxiu | ||
| 942 | |n 1 | ||
| 952 | |0 0 |1 0 |4 0 |6 M2296 |7 1 |9 46718 |a Arxiu |b Arxiu |d 2016-12-01 |l 0 |o M-2-296 |p 4957 |r 2016-12-01 00:00:00 |w 2016-12-01 |y ARXIU | ||
| 999 | |c 50511 |d 50511 | ||